Hitler and the Nazi leaders : (Record no. 178)
[ view plain ]
| 000 -LEADER | |
|---|---|
| fixed length control field | 01532cam a22003614a 4500 |
| 001 - CONTROL NUMBER | |
| control field | 0000000203 |
| 005 - DATE AND TIME OF LATEST TRANSACTION | |
| control field | 20170406112445.0 |
| 008 - FIXED-LENGTH DATA ELEMENTS--GENERAL INFORMATION | |
| fixed length control field | 010426s2001 nyuab b 001 0ceng |
| 010 ## - LIBRARY OF CONGRESS CONTROL NUMBER | |
| LC control number | 2001024913 |
| 020 ## - INTERNATIONAL STANDARD BOOK NUMBER | |
| International Standard Book Number | 0781808960 (pbk.) |
| 035 ## - SYSTEM CONTROL NUMBER | |
| System control number | 12391487 |
| 040 ## - CATALOGING SOURCE | |
| Original cataloging agency | DLC |
| Transcribing agency | DLC |
| Modifying agency | DLC |
| 042 ## - AUTHENTICATION CODE | |
| Authentication code | c=Program for Cooperative Cataloging |
| 043 ## - GEOGRAPHIC AREA CODE | |
| Geographic area code | e-gx--- |
| 050 00 - LIBRARY OF CONGRESS CALL NUMBER | |
| Classification number | DD247.H5 |
| Item number | L295 2001 |
| 082 00 - DEWEY DECIMAL CLASSIFICATION NUMBER | |
| Classification number | 943.086/092 |
| -- | B |
| Edition number | 21 |
| 100 1# - MAIN ENTRY--PERSONAL NAME | |
| Personal name | Lattimer, John K. |
| Fuller form of name | (John Kingsley), |
| Dates associated with a name | 1914-2007. |
| 240 10 - UNIFORM TITLE | |
| Uniform title | Hitler's fatal sickness and other secrets of the Nazi leaders |
| 245 10 - TITLE STATEMENT | |
| Title | Hitler and the Nazi leaders : |
| Remainder of title | a unique insight into evil / |
| Statement of responsibility, etc. | John K. Lattimer. |
| 250 ## - EDITION STATEMENT | |
| Edition statement | Pbk. ed. |
| 260 ## - PUBLICATION, DISTRIBUTION, ETC. | |
| Place of publication, distribution, etc. | New York : |
| Name of publisher, distributor, etc. | Hippocrene Books, |
| Date of publication, distribution, etc. | 2001. |
| 300 ## - PHYSICAL DESCRIPTION | |
| Extent | 272 p. : |
| Other physical details | ill., map ; |
| Dimensions | 26 cm. |
| 500 ## - GENERAL NOTE | |
| General note | Originally published in 1999 under the title: Hitler's fatal sickness and other secrets of the Nazi leaders. |
| 504 ## - BIBLIOGRAPHY, ETC. NOTE | |
| Bibliography, etc. note | Includes bibliographical references (p. 265-266) and index. |
| 600 10 - SUBJECT ADDED ENTRY--PERSONAL NAME | |
| Personal name | Hitler, Adolf, |
| Dates associated with a name | 1889-1945. |
| 650 #0 - SUBJECT ADDED ENTRY--TOPICAL TERM | |
| Topical term or geographic name entry element | Nazis |
| Form subdivision | Biography. |
| 650 #0 - SUBJECT ADDED ENTRY--TOPICAL TERM | |
| Topical term or geographic name entry element | War criminals |
| Form subdivision | Biography. |
| 856 41 - ELECTRONIC LOCATION AND ACCESS | |
| Materials specified | Table of contents |
| Uniform Resource Identifier | <a href="http://www.loc.gov/catdir/toc/fy034/2001024913.html">http://www.loc.gov/catdir/toc/fy034/2001024913.html</a> |
| 906 ## - LOCAL DATA ELEMENT F, LDF (RLIN) | |
| a | 7 |
| b | cbc |
| c | orignew |
| d | 1 |
| e | ocip |
| f | 20 |
| g | y-gencatlg |
| 908 ## - PUT COMMAND PARAMETER (RLIN) | |
| Put command parameter | 130425 |
| 925 0# - | |
| -- | acquire |
| -- | 2 shelf copies |
| -- | policy default |
| Withdrawn status | Lost status | Source of classification or shelving scheme | Damaged status | Not for loan | Home library | Current library | Shelving location | Date acquired | Total Checkouts | Full call number | Barcode | Date last seen | Date last checked out | Price effective from | Koha item type |
|---|---|---|---|---|---|---|---|---|---|---|---|---|---|---|---|
| CUZ Harare Campus | CUZ Harare Campus | Open Shelf | 06.04.2017 | 1 | DD 247.H5.L295 LAT | BK0000242 | 22.05.2025 | 30.08.2019 | 06.04.2017 | OS Book |